Statistics for Princess Bride Quotes

Click here to take the quiz!

General Stats

  • This quiz has been taken 349 times
  • The average score is 16 of 29

Answer Stats

HintAnswer% Correct
"...you killed my father. _______ __ ___."Prepare to die
99%
"As you ____."Wish
98%
"Hello. My name is _____ _______..."Inigo Montoya
95%
"Never go in against a Sicilian when _____ __ __ ___ ____!"death is on the line
79%
"You keep using that word. I do not _____ __ _____ ____ ___ _____ __ _____."think it means what you think it means
79%
"He didn't fall? _____________!"Inconceivable
78%
"You don't by chance happen to have ___ _______ on your right hand?"six fingers
77%
"No more rhymes now, I mean it!" (next line)anybody want a peanut?
69%
"_______ __ _______ ____? I don't think they exist."Rodents of unusual size
66%
"You're trying to kidnap what I've __________ ______!"rightfully stolen
65%
"Life is pain, highness. Anyone who says differently is _______ _________."selling something
65%
"I'm not a witch, I'm ____ ____."your wife
65%
"We'll never survive." "Nonsense. You're only saying that because __ ___ ____ ___."no one ever has
61%
"Have fun ________ ___ ______."storming the castle
56%
"This is ____ ____. You think this happens every day?"true love
55%
"Please consider me as an alternative to _______."suicide
53%
"You'll put down your rock, and I'll put down my sword, and we'll try and kill each other like _________ ______."civilized people
50%
"We are men of action. ____ do not become us."lies
50%
"Mawage, dat bwessed awangement, dat _____ wifin a _____."dweam
47%
"You've been ______ ____ all day."mostly dead
47%
"I swear on the soul of my father, Domingo Montoya, you will _____ ___ ___ _____."reach the top alive
47%
"You survived the fire swamp, so you must be very brave. But no one withstands ___ _______."the machine
46%
"I would sooner destroy a _______ _____ ______ than an artist like yourself."stained glass window
41%
"That does put a damper on ___ ____________."our relationship
37%
"Please understand I hold you in the _______ _______."highest respect
34%
"If you haven't got ____ ______, you haven't got anything."your health
27%
"You rush a miracle man, you get ______ ________."rotten miracles
26%
"Fezzik, are there rocks ahead?" (next line)if there are, we all be dead
19%
"You were not hired for your brains, you ____________ ____ ____!"hippopotamic land mass
16%

Score Distribution

Percentile by Number Answered

Percent of People with Each Score

Your Score History

You have not taken this quiz